Loading...

Common errors in statistics (and how to avoid them)

"The Fourth Edition of this tried-and-true book elaborates on many key topics such as epidemiological studies, distribution of data; baseline data incorporation; case control studies; simulations; statistical theory publication; biplots; instrumental variables; ecological regression; result rep...

Full description

Bibliographic Details
Main Author: Good, Phillip I.
Other Authors: Hardin, James W.
Format: Printed Book
Published: New Jersey John Wiley 2012p.
Edition:Fourth edition.
Subjects:
LEADER 01362nam a22001937a 4500
020 |a 9781118294390 (pbk.) 
082 0 0 |a 519.5 
100 1 |a Good, Phillip I. 
245 1 0 |a Common errors in statistics (and how to avoid them)  
250 |a Fourth edition. 
260 |a New Jersey  |b John Wiley  |c 2012p. 
300 |a xiv, 336 pages   |b illustrations  
520 |a "The Fourth Edition of this tried-and-true book elaborates on many key topics such as epidemiological studies, distribution of data; baseline data incorporation; case control studies; simulations; statistical theory publication; biplots; instrumental variables; ecological regression; result reporting, survival analysis; etc. Including new modifications and figures, the book also covers such topics as research plan creation; data collection; hypothesis formulation and testing; coefficient estimates; sample size specifications; assumption checking; p-values interpretations and confidence intervals; counts and correlated data; model building and testing; Bayes' Theorem; bootstrap and permutation tests; and more"-- 
650 0 |a Statistics. 
650 7 |a Mathematics-Probability & Statistics , General. 
700 1 |a Hardin, James W. 
942 |c BK 
999 |c 37304  |d 37304 
952 |0 0  |1 0  |4 0  |6 519_500000000000000  |7 0  |8 Stack  |9 39502  |a KUCL  |b KUCL  |c Stack  |d 2016-01-07  |l 0  |o 519.5  |p 37208  |r 2016-01-07  |w 2016-01-07  |y BK